Language Quiz

Random Language Quiz
Score 0/28 Timer 10:00
0 Plays Today
Hint Answer % Correct
[el] word starts with tutunnel
89.7%
[el] word starts with fufunnel
83.5%
[el] word starts with angangel
78.4%
[el] word starts with enamenamel
73.2%
[al] word starts with medmedal
72.2%
[al] word starts with pedpedal
72.2%
[al] word starts with opopal
72.2%
[il] word starts with puppupil
72.2%
[il] word starts with evevil
72.2%
[al] word starts with metmetal
71.1%
[le] word starts with dazdazzle
68%
[le] word starts with batbattle
67%
[stle] word starts with wrewrestle
67%
[stle] word starts with jojostle
67%
Hint Answer % Correct
[scle] word starts with mumuscle
66%
[el] word starts with hohotel
66%
[le] word starts with embezembezzle
64.9%
[le] word starts with cockcockles
64.9%
[le] word starts with bangbangle
64.9%
[stle] word starts with bubustle
64.9%
[il] word starts with dafdaffodil
63.9%
[stle] word starts with grigristle
63.9%
[ssle] word starts with hahassle
62.9%
[ssle] word starts with tutussle,
61.9%
[stle] word starts with apapostle
59.8%
[il] word starts with ApApril
58.8%
[el] word starts with momodel
57.7%
[el] word starts with colcolonel
56.7%
Remove Ads.
Support Sporcle.
Get the best of Sporcle when you Go Orange. This ad-free experience offers more features, more stats, and more fun while also helping to support Sporcle. Thank you for becoming a member.

You're not logged in!

Compare scores with friends on all Sporcle quizzes.
OR
Log In

Show Comments

Extras

Created Nov 16, 2010ReportNominate
Tags:Spelling

Top Quizzes Today


Score Distribution

Your Account Isn't Verified!

In order to create a playlist on Sporcle, you need to verify the email address you used during registration. Go to your Sporcle Settings to finish the process.

Report this User

Report this user for behavior that violates our Community Guidelines.

Details: